[Event "HSK Oster Open 2025"]
[Site "HSK Schachzentrum"]
[Date "2025.04.21"]
[Round "7.19"]
[White "Strate, Gerda"]
[Black "Mkrtchyan, Nona"]
[Result "1-0"]
[WhiteElo "1848"]
[BlackElo "1599"]
[PlyCount "73"]
[EventDate "2025.04.18"]

1. e4 e5 2. Nf3 Nf6 3. d3 Nc6 4. Nc3 Bc5 5. h3 a6 6. a3 d5 7. Bg5 dxe4 8. Nxe4
Be7 9. Bxf6 gxf6 10. Qd2 Be6 11. Qc3 Qd5 12. Be2 O-O-O 13. b4 f5 14. Nc5 e4 15.
dxe4 fxe4 16. Rd1 Qf5 17. Nd2 Bf6 18. Qe3 Bd4 19. g4 Bxe3 20. gxf5 Bxd2+ 21.
Rxd2 Bxf5 22. Bg4 Bxg4 23. hxg4 Nd4 24. Kd1 Nf3 25. Rxd8+ Rxd8+ 26. Kc1 Ng5 27.
Re1 Re8 28. f4 b6 29. Nxa6 Nf3 30. Re3 Kb7 31. b5 Nd4 32. Nb4 f5 33. g5 Nxb5
34. Nd5 Re6 35. Nf6 h6 36. Nh5 hxg5 37. fxg5 1-0

[Event "HSK Oster Open 2025"]
[Site "HSK Schachzentrum"]
[Date "2025.04.21"]
[Round "7.23"]
[White "Neumann, Hannes"]
[Black "Schwarzkopf, Jörg"]
[Result "1-0"]
[WhiteElo "1655"]
[BlackElo "1863"]
[PlyCount "49"]
[EventDate "2025.04.18"]

1. e4 d6 2. d4 Nf6 3. Nc3 e5 4. Nf3 Nbd7 5. g4 Nxg4 6. Rg1 Ngf6 7. Bc4 Nb6 8.
Bb3 Be6 9. dxe5 dxe5 10. Qxd8+ Kxd8 11. Bxe6 fxe6 12. Nxe5 Kc8 13. Bf4 Nh5 14.
Nf7 Rg8 15. O-O-O Be7 16. Bg5 Nf6 17. e5 Nfd5 18. Nxd5 Bxg5+ 19. Nxg5 exd5 20.
Nxh7 c6 21. Nf6 Rh8 22. Rxg7 a5 23. e6 Kb8 24. e7 Ka7 25. Re1 1-0

[Event "HSK Oster Open 2025"]
[Site "HSK Schachzentrum"]
[Date "2025.04.21"]
[Round "7.24"]
[White "Mi, Gufeng"]
[Black "Fabig, Holger"]
[Result "0-1"]
[WhiteElo "1659"]
[BlackElo "2012"]
[PlyCount "144"]
[EventDate "2025.04.18"]

1. e4 e6 2. d4 b6 3. Nc3 Bb7 4. Bd3 Nf6 5. f3 d5 6. Bg5 Be7 7. e5 Nfd7 8. Bxe7
Qxe7 9. Nge2 a6 10. O-O c5 11. b3 cxd4 12. Nxd4 Nxe5 13. Re1 Nxd3 14. Qxd3 O-O
15. Kh1 Nd7 16. Nf5 Qc5 17. Na4 Qc7 18. Ng3 Rac8 19. Rac1 b5 20. Nb2 Qa5 21.
Qe3 Qxa2 22. Nd3 Qa3 23. Nf4 Qd6 24. Nfh5 f6 25. Qxe6+ Qxe6 26. Rxe6 g6 27. Nf4
Nc5 28. Re7 Nxb3 29. Rce1 Nc5 30. Ne6 Nxe6 31. R1xe6 Rf7 32. Re8+ Rxe8 33.
Rxe8+ Kg7 34. Ne2 f5 35. Nd4 Rd7 36. Kg1 Kf7 37. Rh8 Kf6 38. f4 g5 39. g3 gxf4
40. gxf4 Rc7 41. Rf8+ Ke7 42. Rxf5 Rc4 43. Re5+ Kf6 44. Re6+ Kf7 45. c3 Rxd4
46. Rb6 Rxf4 47. Rxb7+ Kg6 48. Rb6+ Rf6 49. Rb7 Rc6 50. Ra7 Kf5 51. Kf2 Ke4 52.
Rxh7 Rxc3 53. Rh4+ Ke5 54. Rh5+ Kd4 55. Rh4+ Kc5 56. Rg4 Rc2+ 57. Kg3 b4 58. h4
Rc1 59. h5 Rg1+ 60. Kh4 Rh1+ 61. Kg5 Rxh5+ 62. Kxh5 a5 63. Rg1 b3 64. Rg8 Kc4
65. Rb8 Kc3 66. Rc8+ Kb4 67. Rb8+ Ka3 68. Ra8 a4 69. Rb8 Ka2 70. Ra8 a3 71. Rg8
b2 72. Rg2 Ka1 0-1

[Event "HSK Oster Open 2025"]
[Site "HSK Schachzentrum"]
[Date "2025.04.21"]
[Round "7.25"]
[White "Queißer, Jens"]
[Black "Malchereck, Romeo"]
[Result "0-1"]
[WhiteElo "1653"]
[BlackElo "1740"]
[PlyCount "142"]
[EventDate "2025.04.18"]

1. d4 Nf6 2. Nf3 d5 3. g3 e6 4. Bg2 Nbd7 5. O-O b6 6. Nbd2 Bd6 7. a4 a5 8. b3
O-O 9. c4 Bb7 10. Bb2 c5 11. cxd5 Bxd5 12. Nc4 Bc7 13. Na3 Rc8 14. Nb5 Bb8 15.
Nc3 Ba8 16. Rc1 cxd4 17. Nxd4 Bxg2 18. Kxg2 Nc5 19. f3 e5 20. Nf5 g6 21. Qxd8
Rcxd8 22. Ne7+ Kg7 23. Rfd1 Nxb3 24. Rxd8 Rxd8 25. Nc6 Rc8 26. Nxb8 Nxc1 27.
Ne4 Nxe4 28. Bxe5+ Nf6 29. Nd7 Rc6 30. Nxf6 Rxf6 31. h4 h6 32. g4 g5 33. f4 Kg6
34. h5+ Kg7 35. fxg5 hxg5 36. h6+ Kxh6 37. Bxf6 Nxe2 38. Bd8 Nf4+ 39. Kf3 Nd5
40. Ke4 Nc3+ 41. Kf5 Nxa4 42. Bxg5+ Kg7 43. Bd8 Kf8 44. Kf6 Nc5 45. Kf5 Nd7 46.
g5 a4 47. Bc7 Ke8 48. Bd6 Nc5 49. Be5 a3 50. Bd4 a2 51. g6 fxg6+ 52. Kxg6 Nb3
53. Bb2 a1=Q 54. Bxa1 Nxa1 55. Kf5 Kd7 56. Ke5 Kc6 57. Kd4 Nc2+ 58. Kc4 b5+ 59.
Kc3 Ne3 60. Kb4 Nd5+ 61. Kb3 Kc5 62. Kb2 Kc4 63. Kc2 b4 64. Kb2 b3 65. Kb1 Kc3
66. Kc1 Ne3 67. Kb1 b2 68. Ka2 Kc2 69. Ka3 b1=Q 70. Ka4 Qb6 71. Ka3 Qb3# 0-1

[Event "HSK Oster Open 2025"]
[Site "HSK Schachzentrum"]
[Date "2025.04.21"]
[Round "7.26"]
[White "Majewski, Nico"]
[Black "Babychev, Mykhailo"]
[Result "1/2-1/2"]
[WhiteElo "1631"]
[BlackElo "1698"]
[PlyCount "106"]
[EventDate "2025.04.18"]

1. Nf3 d5 2. c4 Nf6 3. cxd5 Nxd5 4. e4 Nf6 5. Nc3 Bg4 6. Bc4 e6 7. h3 Bh5 8.
Qb3 Bxf3 9. gxf3 b6 10. d3 a6 11. Qc2 Nc6 12. Be3 b5 13. Nxb5 Nb4 14. Nxc7+ Kd7
15. Qa4+ Kxc7 16. Rc1 Nc6 17. Bd5 Bb4+ 18. Ke2 Nxd5 19. Qxc6+ Kb8 20. exd5 exd5
21. Bf4+ Ka7 22. Kf1 Rc8 23. Bc7 Qf6 24. Qd7 Qe7 25. Qxe7 Bxe7 26. Kg2 Bg5 27.
f4 Bf6 28. Be5 Rhe8 29. Rhe1 Bxe5 30. fxe5 Rxe5 31. Rxe5 Rxc1 32. Rxd5 Rc7 33.
Kf3 g6 34. Ke3 f5 35. Kd2 Kb7 36. h4 Kc6 37. Rd4 Re7 38. Rc4+ Kb6 39. Rd4 Kc6
40. Rd8 Rg7 41. d4 g5 42. hxg5 Rxg5 43. Ke3 Rh5 44. Kf4 Kc7 45. Rf8 Rh4+ 46.
Ke5 Re4+ 47. Kd5 Re2 48. Rxf5 Rxb2 49. Rf7+ Kb6 50. Rxh7 Rxf2 51. Rh6+ Ka5 52.
Kc6 Rxa2 53. Kb7 Kb5 1/2-1/2

[Event "HSK Oster Open 2025"]
[Site "HSK Schachzentrum"]
[Date "2025.04.21"]
[Round "7.27"]
[White "Kock, Rudolf"]
[Black "Schranz, Patrick"]
[Result "1-0"]
[WhiteElo "1627"]
[BlackElo "1696"]
[PlyCount "43"]
[EventDate "2025.04.18"]

1. f4 d5 2. b3 Nf6 3. Bb2 Bf5 4. Nf3 e6 5. e3 Be7 6. d3 O-O 7. Nbd2 c5 8. Qe2
Nc6 9. Nh4 Bg4 10. Qf2 Nd7 11. Nhf3 Nb4 12. h3 Nxc2+ 13. Kd1 Nxa1 14. hxg4 Bf6
15. d4 cxd4 16. exd4 Nxb3 17. axb3 Qc7 18. g5 Qxf4 19. gxf6 Nxf6 20. Rh4 Qc7
21. Bd3 h6 22. g4 {Rest nicht rekonstruierbar} 1-0

[Event "HSK Oster Open 2025"]
[Site "HSK Schachzentrum"]
[Date "2025.04.21"]
[Round "7.30"]
[White "Ikwuka, God´sfavour"]
[Black "Bezverkhiy, Dmitry"]
[Result "1-0"]
[WhiteElo "1628"]
[BlackElo "1598"]
[PlyCount "61"]
[EventDate "2025.04.18"]

1. e4 c6 2. f4 d5 3. e5 c5 4. c3 Nc6 5. Nf3 Nh6 6. d4 Bg4 7. Bd3 e6 8. O-O cxd4
9. Qa4 Bxf3 10. Rxf3 dxc3 11. Nxc3 Bc5+ 12. Kh1 Ng4 13. h3 Nf2+ 14. Kh2 O-O 15.
Bb5 Qb6 16. Bxc6 bxc6 17. Qc2 f6 18. Na4 Ng4+ 19. hxg4 Bg1+ 20. Kh3 Qd4 21. Bd2
fxe5 22. Bc3 Qc4 23. b3 Qe4 24. Qxe4 dxe4 25. Rff1 Be3 26. Bxe5 Rad8 27. Rae1
Rd3 28. Kh2 Rfd8 29. Nb2 Rd2 30. Rxe3 Rxb2 31. Bxb2 1-0

[Event "HSK Oster Open 2025"]
[Site "HSK Schachzentrum"]
[Date "2025.04.21"]
[Round "7.32"]
[White "Busch, Lara Sophie"]
[Black "Rojas Albores, Graciela Ivonne"]
[Result "0-1"]
[WhiteElo "1651"]
[BlackElo "1619"]
[PlyCount "120"]
[EventDate "2025.04.18"]

1. e4 e5 2. Nf3 Nc6 3. Bc4 h6 4. d3 Bc5 5. c3 Nf6 6. h3 a6 7. Bb3 d6 8. Nbd2 b5
9. a4 Bb7 10. Nf1 d5 11. d4 exd4 12. e5 Ne4 13. cxd4 Bb4+ 14. Bd2 Bxd2+ 15.
N1xd2 O-O 16. O-O Na5 17. Rc1 Nc4 18. Qc2 Qe7 19. Rfe1 c5 20. Bxc4 Nxd2 21.
Qxd2 bxc4 22. Qc3 Rac8 23. Qa3 Rc7 24. Re3 Re8 25. Rce1 Bc8 26. dxc5 Rxc5 27.
Nd4 Be6 28. f4 g6 29. g4 Kh8 30. Kh2 Qc7 31. Rg3 Qb6 32. Re2 Rc7 33. Qe3 Bc8
34. f5 g5 35. h4 f6 36. e6 Qd6 37. Kg2 Rh7 38. Rh3 Ree7 39. Kg1 Qc5 40. Reh2
Qc7 41. Ne2 Bb7 42. Qd4 Qe5 43. Qb6 Reg7 44. hxg5 Rxg5 45. Rxh6 Rxg4+ 46. Kf1
Qxf5+ 47. Qf2 Qb1+ 48. Qe1 Qf5+ 49. Qf2 Qxf2+ 50. Kxf2 Rxh6 51. Rxh6+ Kg7 52.
Rh3 Bc6 53. a5 f5 54. Rg3 Rxg3 55. Kxg3 Kf6 56. Nd4 Be8 57. Kf4 Bg6 58. b3 c3
59. b4 Be8 60. Nxf5 c2 0-1

[Event "HSK Oster Open 2025"]
[Site "HSK Schachzentrum"]
[Date "2025.04.21"]
[Round "7.33"]
[White "Wang, Kaichen"]
[Black "Abram, Kristina-Maria"]
[Result "0-1"]
[WhiteElo "1599"]
[BlackElo "1477"]
[PlyCount "120"]
[EventDate "2025.04.18"]

1. c4 e6 2. g3 Nf6 3. Bg2 Be7 4. Nc3 O-O 5. d3 Nc6 6. Nf3 b6 7. Bf4 Bb7 8. Be3
Re8 9. a3 d5 10. cxd5 exd5 11. O-O Ng4 12. Bf4 a6 13. d4 Nf6 14. Qd3 Bd6 15.
Bg5 Na7 16. Bd2 Ne4 17. Qc2 Nb5 18. Be3 c5 19. dxc5 bxc5 20. Nxe4 dxe4 21. Ng5
Qe7 22. f3 Nd4 23. Bxd4 Qxg5 24. Bc3 Qe3+ 25. Kh1 exf3 26. exf3 Re6 27. Rae1
Qh6 28. Rxe6 Qxe6 29. Qf2 Rd8 30. Rd1 h6 31. b4 Qb3 32. Qe1 Qxa3 33. h4 Kh7 34.
bxc5 Bxg3 35. Ra1 Qxc5 36. Ra5 Qxa5 37. Qb1+ Be4 38. Qxe4+ f5 39. Bxa5 Rd1+ 40.
Qe1 Bxe1 41. Bxe1 Rxe1+ 42. Kh2 Re2 43. Kg3 Rxg2+ 44. Kxg2 a5 45. Kf2 a4 46.
Ke3 a3 47. Kf4 Kg6 48. h5+ Kxh5 49. Kxf5 g6+ 50. Ke4 a2 51. f4 a1=Q 52. Ke3 Kg4
53. Ke4 Qd1 54. Ke5 Qd3 55. f5 gxf5 56. Kf6 Qd6+ 57. Kf7 Kg5 58. Ke8 Qc7 59.
Kf8 Kf6 60. Kg8 Qg7# 0-1